Q minus K Quiz Stats

Quiz Updated Oct 13, 2016

Challenge
Share
Tweet
Embed
Score 0/28 Timer 05:00
1 Play Today
Q-Word Clue Q Minus 'K' Word % Correct
Speedyquick → wick
87.6%
Small testquiz → whiz
80.1%
Duck soundquack → whack
80%
Chivalrous journeyquest → west
79.9%
Soft-spokenquiet → Wyatt
75.7%
Slake one's thirstquench → wench
73.8%
First-person shooter game of 1996Quake → wake
73.7%
College areaquad → wad
72.9%
Philosopher and logician WillardQuine → wine
71.7%
Bed coverletquilt → wilt
70.1%
Royaltyqueen → wean
69.2%
Featherquill → will
69.2%
A ball used in Quidditchquaffle → waffle
68.9%
Bon motquip → whip
68.1%
Q-Word Clue Q Minus 'K' Word % Correct
Affectationquirk → work
64%
Type of birdquail → wail
62.6%
Nauseatedqueasy → wheezy
62.3%
Pacify; reduce to submissionquell → well
58%
Strangequeer → Weir
56.9%
Give up a jobquit → whit
53.6%
Crystalline silicon dioxidequartz → warts
50.2%
Askquery → weary
48%
Suppress completelyquash → wash
46.4%
Line up in Londonqueue → yew
45.8%
Yellow fruitquince → wince
39.7%
One-twentieth of a reamquire → wire
30.3%
An eighth notequaver → waver
26.3%
Rather; completely; plentyquite → wight
12.8%

You're not logged in!

Compare scores with friends on all Sporcle quizzes.
Sign Up with Email
OR
Log In

You Might Also Like...

Show Comments

Extras

Top Quizzes Today


Score Distribution

Your Account Isn't Verified!

In order to create a playlist on Sporcle, you need to verify the email address you used during registration. Go to your Sporcle Settings to finish the process.